Quizzes
Events
Quiz Creation
Community
Videos
Private Events
Remove Ads
Sign In
Join for FREE
Feedback
Dark Mode
Quiz Categories
Sports
Geography
Music
Movies
Television
Just For Fun
Miscellaneous
History
Literature
Language
Science
Gaming
Entertainment
Religion
Holiday
For Kids
Quiz Lab
Recent
Popular Today
Quiz Kudos Today
Editor Picks
Curator Picks
Quizzes by...
Day
Popularity
Type
Ratings
Length
Year
Community
Subscriptions
Recent Discussions
Orange Saloon
Badges
Playlists
Quests
Create
Leaderboards
Showdown
Live 5
Trivia Bingo
Activity
Puzzle Library
Sporcle Events
Private Events
Virtual Trivia
Globe League
Become a Host
Pub Owners
SporcleCon
Opinionation
Our Games
Videos
Blog
Mobile Apps
Partnerships
Remove Ads and Go Orange
Feedback
History
US Presidents
World Leaders
Politics
Nation
Discovery
War
Decade
Year
Century
Biography
Art
History
US Presidents
World Leaders
Politics
Nation
Discovery
War
Decade
Year
Century
Biography
Art
Random Quiz
Search Sporcle
×
Curator Pick
Curator Pick
History
Popular
Type in answers that appear in a list
Type in answers that appear in a list
Classic
Best Score? Go Orange.
Popular people on Wikipedia born in Brazil Stats
Can you name the 30 most popular Brazilian born people on Wikipedia?
By
Irgendwas_mit_F
7m
30 Questions
760 Plays
760 Plays
760 Plays
Comments
Comments
Give Quiz Kudos
Give Quiz Kudos
-
- Ratings
hide this ad
Replay
Link that replays current quiz
Next Quiz
Link to next quiz in quiz playlist
You Got
0%
They Got
Avg Score
43%
Avg Friend Score
Upgrade to see
Score Distribution
Jump to the score distribution portion of the page
Score
0/30
Timer
07:00
0
Plays Today
million views (2008-2013)
Name
% Correct
24,15
Pelé
96.2%
38,31
Ronaldo
88.7%
38,31
Ronaldinho
83.4%
29,25
Neymar
83.1%
18,84
Ayrton Senna
70.6%
7,56
Luiz Inacio Lula da Silva
69.4%
16,51
Gisele Bündchen
68.8%
26,74
Kaká
66%
9,23
Rivaldo
56.1%
6,37
Romário
50.9%
5,35
Roberto Carlos
50.3%
5,62
Zico
47.6%
7,74
Dilma Rousseff
42.7%
6,67
Oscar Niemeyer
40.1%
11,30
Robinho
39.8%
million views (2008-2013)
Name
% Correct
14,31
Paulo Coelho
38.7%
18,81
Adriana Lima
37.9%
5,00
David Luiz
36.4%
7,47
Adriano
33.2%
5,64
Daniel Alves
32%
5,51
Getúlio Vargas
30.2%
4,89
Júlio César
28.5%
9,37
Alessandra Ambrosio
20.4%
5,34
Rodrigo Santoro
19.9%
10,38
Pato
17.1%
4,99
Juninho
16.7%
8,18
Michel Teló
15.5%
4,96
Diego
13%
5,57
Paulo Freire
11.3%
5,72
Deco
9.1%
Quiz Playlist
Details
Report
Send in Message
Add To Playlist
Classic:
Type in answers that appear in a list
Quiz Source
Last Updated: May 23, 2017
Curator Pick in
South America
Quiz Scoreboard
CHALLENGE
Sign Up to Join the Scoreboard
Show All
Scores
Hide
Comments
May contain spoilers
Recently Published
An Introduction to Baseball
by treessimontrees
Sports
5m
Movies - When Are They Set?
by FPL_Elf
Movies
5m
Popular People in 1961
by mucciniale
History
6m
More to Explore
Quiz From the Vault
Featured Blog Post
Where Did the Easter Bunny Come From?
hide this ad
You Might Also Like...
Tags
Popular Quiz
South America Quiz
Born
Brazil
Brazilian
Famous People
page
People Wikipedia
View
Wikipedia
Today's Top Quizzes in History
Browse History
hide this ad
Today's Top Quizzes in Popular
Browse Popular
Top Contributed Quizzes in History
1
Popular People in 1991
2
Popular People in 1981
3
Popular People in 1951
4
Popular People in 1941
5
Popular People in 1986
6
Popular People in 1976
7
Popular People in 1921
8
I Am Born On March 28th
9
Popular People in 1946
10
Popular People in 1936
Explore More
Trending Topics
Crossword
Harry Potter
Marvel
Anime
Kpop
Disney
NBA
The Office
NFL
Puzzle
WWE
Country
Soccer
Pokémon
Song
hide this ad
More By:
Irgendwas_mit_F
Quiz
Plays
Rating
Category
Featured
Created
Largest Islands of the Pacific Ocean
28,101
4.48
Geography
Dec 8, 2014
Most matches together with Steven Gerrard
12,137
4.95
Sports
Mar 31, 2017
Most matches together with Ronaldinho
6,207
5.00
Sports
Jul 13, 2019
Most matches together with Frank Lampard
6,019
5.00
Sports
Mar 29, 2017
Most matches together with Ryan Giggs
5,926
4.91
Sports
Mar 30, 2017
Go to Creator's Profile
Score Distribution
Quiz Creator Spotlight
Irgendwas_mit_F
Follow
Send a Message
Quizzes Created
-
Created Quiz Play Count
-
More By This Creator
Popular Quizzes Today
1
Find the Countries of Europe - No Outlines Minefield
2
Find the US States - No Outlines Minefield
3
The Countries of the World
4
Popular People in 1961
5
Find the US States
6
US States
7
1-10 Letter E Words III
8
Risky Map Clicking: Biggest States A-Z
More History Quizzes
Nieuw Amsterdam or New York?
Curator's Pick
Trending Quizzes
Risky Map Clicking: Least Populous States A-Z
1-10 Letter F Words
1-10 Letter G Words
Not Quite an Element Typing Challenge
One Thing in Common: United Kingdom
Recently Updated
Leaping Animals
pecheneg
Reality TV Shows (A-Z)
bhenderson79
Rickey Henderson's Hall of Fame Teammates
pecheneg
Champions League XIs: Arsenal
pecheneg
Quick Pick: Celebrities in WWE's Hall of Fame
aduchscher
A-Z Keypad Blitz II
pecheneg
Multiple Oscar Actors
pecheneg
Mystery Phrase Blitz: Oscar 'Best Actors'
pecheneg
F. Scott Fitzgerald Novels
LTH
Pick 3 Villains
ddd62291
Trending Topics
Disney
Kpop
Marvel
Crossword
Anime
Harry Potter
NBA
Soccer
Pokémon
Song
Puzzle
WWE
Country
NFL
The Office
Your Account Isn't Verified!
In order to create a playlist on Sporcle, you need to verify the email address you used during registration. Go to your
Sporcle Settings
to finish the process.
Report this User
Report this user for behavior that violates our
Community Guidelines
.
Details:
Send Report
Go to the Sporcle.com Mobile Site →
Comments